[Event "AUTO-INT-655"]
[Site "http://www.queenalice.com/game.php?id=289084"]
[Date "2007.10.18"]
[Round "1"]
[White "PLDunton"]
[Black "KleberA"]
[Result "1-0"]
[WhiteElo "1883"]
[BlackElo "1568"]

1. e4 e5 2. Nf3 Nc6 3. Bc4 Nf6 4. d4 exd4 5. Nxd4 Nxd4 6. Qxd4 d6 7. Bg5 Be7 8.
Nc3 O-O 9. O-O-O Ng4 10. Bxe7 Qxe7 11. f3 c5 12. Qxd6 Be6 13. Qxe7 Bxc4 14. fxg4
b5 15. b3 Rfe8 16. Qxc5 Be6 17. Nxb5 a6 18. Nc7 Rac8 19. Nxe6 Rxc5 20. Nxc5 a5
21. Rd5 1-0

[Event "AUTO-OPEN-871"]
[Site "http://www.queenalice.com/game.php?id=289151"]
[Date "2007.10.19"]
[Round "1"]
[White "Jajer"]
[Black "KleberA"]
[Result "1-0"]
[WhiteElo "1519"]
[BlackElo "1544"]

1. e4 e5 2. Bc4 Nf6 3. d3 Nc6 4. Nf3 Bc5 5. c3 Ng4 6. Nd4 Nxd4 7. cxd4 Bxd4 8.
Qxg4 O-O 9. Bh6 Qf6 10. Be3 Bxb2 11. Bg5 Qg6 12. Qf5 Qxf5 13. exf5 Bxa1 14. O-O
d5 15. Bxd5 Bxf5 16. Rd1 c6 17. Be4 Bxe4 18. dxe4 1-0

[Event "AUTO-OPEN-871"]
[Site "http://www.queenalice.com/game.php?id=289152"]
[Date "2007.10.19"]
[Round "1"]
[White "KleberA"]
[Black "Jajer"]
[Result "0-1"]
[WhiteElo "1562"]
[BlackElo "1501"]

1. e4 g6 2. Qf3 e5 3. Bc4 Nf6 4. Nh3 d6 5. Ng5 Be6 6. Bxe6 fxe6 7. Nxe6 Qe7 8.
Ng5 Bh6 9. d3 Rf8 10. Nh3 Bxc1 11. O-O Bxb2 12. Nd2 Bxa1 13. Rxa1 Nh5 14. Qg4
Nd7 15. Nc4 Nhf6 16. Qh4 b6 17. a4 Nc5 18. a5 b5 19. Ne3 Na6 0-1

[Event "AUTO-OPEN-871"]
[Site "http://www.queenalice.com/game.php?id=289173"]
[Date "2007.10.19"]
[Round "1"]
[White "JULIANE_BRASIL"]
[Black "KleberA"]
[Result "1-0"]
[WhiteElo "2152"]
[BlackElo "1568"]

1. Nf3 e6 2. e4 a6 3. d4 Qf6 4. Bg5 Qg6 5. Bd3 Be7 6. e5 Bxg5 7. Bxg6 hxg6 8.
Nxg5 d5 9. exd6 cxd6 10. Qf3 Bd7 11. Qxf7+ Kd8 12. Qxg7 Ne7 13. Qxh8+ Kc7 14.
O-O Bc6 15. Nxe6+ Kd7 16. Re1 Nf5 17. Qd8# 1-0

[Event "AUTO-OPEN-871"]
[Site "http://www.queenalice.com/game.php?id=289174"]
[Date "2007.10.19"]
[Round "1"]
[White "KleberA"]
[Black "JULIANE_BRASIL"]
[Result "0-1"]
[WhiteElo "1491"]
[BlackElo "2110"]

1. e4 c5 2. Qh5 d6 3. Bc4 e6 4. d4 Nf6 5. Qf3 cxd4 6. Bg5 Be7 7. c3 dxc3 8. Qxc3
O-O 9. Be2 Nxe4 10. Bxe7 Qxe7 11. Qe3 d5 12. Nh3 Qb4+ 13. Nd2 Nxd2 14. Qxd2
Qxd2+ 15. Kxd2 e5 16. Rad1 Bxh3 17. gxh3 Nc6 18. Ke1 Rac8 19. Rc1 Nd4 20. Rxc8
Rxc8 21. Rf1 Nxe2 0-1

[Event "AUTO-OPEN-871"]
[Site "http://www.queenalice.com/game.php?id=289185"]
[Date "2007.10.19"]
[Round "1"]
[White "Capelense"]
[Black "KleberA"]
[Result "1-0"]
[WhiteElo "2008"]
[BlackElo "1562"]

1. e4 e5 2. Nf3 d6 3. Bc4 Nc6 4. d3 Na5 5. Nbd2 Nxc4 6. Nxc4 Bg4 7. h3 Bxf3 8.
Qxf3 Nf6 9. Bg5 Be7 10. a3 Nd7 11. Bxe7 Qxe7 12. O-O h5 13. b4 g5 14. Rfd1 g4
15. hxg4 hxg4 16. Qxg4 O-O-O 17. Ne3 Rdg8 18. Nf5 Qd8 19. Qf3 Rh7 20. Kf1 Rgh8
21. Ng3 c5 22. bxc5 dxc5 23. Ke2 Qa5 24. Nf5 Qc3 25. Nd6+ Kb8 26. Ra2 Rh1 27.
Rd2 c4 28. Nxc4 Ra1 29. Rxa1 Qxa1 30. Qxf7 Nc5 31. Qf6 Nd7 32. Qxh8+ Kc7 33. d4
1-0

[Event "AUTO-OPEN-871"]
[Site "http://www.queenalice.com/game.php?id=289186"]
[Date "2007.10.19"]
[Round "1"]
[White "KleberA"]
[Black "Capelense"]
[Result "0-1"]
[WhiteElo "1596"]
[BlackElo "1968"]

1. e4 e5 2. Qh5 Nc6 3. Bc4 g6 4. Qf3 Qf6 5. Qxf6 Nxf6 6. Nc3 Bb4 7. Nd5 Nxd5 8.
Bxd5 Ne7 9. Nf3 Nxd5 10. exd5 d6 11. O-O Bg4 12. Ne1 h5 13. h3 Bd7 14. d4 exd4
15. Nd3 Ba5 16. b4 Bb6 17. Re1+ Kf8 18. Bd2 Re8 19. a4 a6 20. Reb1 Kg7 21. a5
Ba7 22. c3 Re2 23. Bg5 dxc3 24. Nf4 Rxf2 25. Nd3 Rd2+ 26. Nf2 Rxf2 27. Kh1 Re8
28. Rb3 Ree2 29. Rg1 Bxh3 30. Rxc3 Bxg2+ 0-1

[Event "AUTO-ADV-684"]
[Site "http://www.queenalice.com/game.php?id=289561"]
[Date "2007.10.19"]
[Round "1"]
[White "arnelsr"]
[Black "KleberA"]
[Result "0-1"]
[WhiteElo "1506"]
[BlackElo "1580"]

1. e4 e5 2. Nf3 Nc6 3. Bb5 a6 4. Ba4 h5 5. d4 exd4 6. Nxd4 Nxd4 7. Qxd4 Nf6 8.
Bg5 Be7 9. Nc3 Ng4 10. Qxg7 Rf8 11. h4 Bxg5 12. hxg5 c6 13. f3 Ne3 14. Ke2 Nxg2
15. Kd2 Qe7 16. Rag1 Nf4 0-1

[Event "AUTO-ADV-684"]
[Site "http://www.queenalice.com/game.php?id=289562"]
[Date "2007.10.19"]
[Round "1"]
[White "KleberA"]
[Black "arnelsr"]
[Result "1-0"]
[WhiteElo "1563"]
[BlackElo "1506"]

1. e4 e5 2. Qh5 Nf6 3. Qxe5+ Be7 4. Qg3 g6 5. d3 O-O 6. h4 Nh5 7. Qe3 d6 8. Be2
Ng7 9. Qg3 Nc6 10. Bh6 Re8 11. h5 Nd4 12. Na3 d5 13. hxg6 fxg6 14. Qe5 Bf6 15.
Qg3 dxe4 16. Nh3 exd3 17. cxd3 1-0

[Event "AUTO-ADV-684"]
[Site "http://www.queenalice.com/game.php?id=289577"]
[Date "2007.10.19"]
[Round "1"]
[White "od_xavier"]
[Black "KleberA"]
[Result "1-0"]
[WhiteElo "1807"]
[BlackElo "1377"]

1. e4 e6 2. d4 Qh4 3. Nc3 Bb4 4. Bd3 Nc6 5. Nf3 Qf6 6. Bg5 Qg6 7. g4 f6 8. e5
Qf7 9. exf6 gxf6 10. Bf4 e5 11. dxe5 fxe5 12. Nxe5 Nxe5 13. Bxe5 Ne7 14. Bxh8
Qe6+ 15. Kf1 Bc5 16. Qd2 b6 17. Re1 Qxg4 18. Rg1 1-0

[Event "AUTO-ADV-684"]
[Site "http://www.queenalice.com/game.php?id=289578"]
[Date "2007.10.19"]
[Round "1"]
[White "KleberA"]
[Black "od_xavier"]
[Result "0-1"]
[WhiteElo "1375"]
[BlackElo "1809"]

1. e4 e5 2. d4 exd4 3. Qxd4 Nc6 4. Qc3 Bb4 5. Bd2 Bxc3 6. Bxc3 Nf6 7. Nf3 O-O 8.
h4 Nxe4 9. Bd3 Re8 10. O-O Nf6 11. Nbd2 d5 12. Ng5 d4 13. Bc4 dxc3 14. Bxf7+ Kf8
15. Bxe8 cxb2 16. Rae1 Qxd2 17. Bf7 Qxc2 18. Bb3 Qc3 0-1

[Event "AUTO-ADV-684"]
[Site "http://www.queenalice.com/game.php?id=289589"]
[Date "2007.10.19"]
[Round "1"]
[White "KleberA"]
[Black "jiujitsubr"]
[Result "0-1"]
[WhiteElo "1500"]
[BlackElo "1810"]

1. e4 c5 2. Qh5 d6 3. Bc4 g6 4. Qf3 Nf6 5. Nc3 Bg7 6. e5 dxe5 7. Bb5+ Nbd7 8.
Bxd7+ Qxd7 9. Nh3 O-O 10. d3 Qc7 11. O-O Rd8 12. Bg5 Qb6 13. a4 Qxb2 14. Ne4
Nxe4 15. Qxe4 Qxc2 16. Bxe7 Rxd3 17. Ng5 Bf5 18. Qxb7 Rc8 19. Bf6 Rf8 20. Be7
Rd7 21. Qf3 Rxe7 22. g4 e4 23. Qh3 h6 24. Nxe4 Bxe4 25. g5 hxg5 26. Ra3 Bf5 27.
Qg3 Bd4 28. h4 gxh4 29. Qxh4 Rfe8 0-1

[Event "AUTO-ADV-684"]
[Site "http://www.queenalice.com/game.php?id=289590"]
[Date "2007.10.19"]
[Round "1"]
[White "jiujitsubr"]
[Black "KleberA"]
[Result "1-0"]
[WhiteElo "1814"]
[BlackElo "1496"]

1. d4 e6 2. c4 Qf6 3. Nc3 Nc6 4. e3 a6 5. Bd3 Nb4 6. Be4 Nh6 7. Nge2 d5 8. cxd5
exd5 9. Nxd5 Nxd5 10. Bxd5 Ng4 11. O-O Bd6 12. Ng3 Qh4 13. h3 Bxg3 14. fxg3 Qxg3
15. hxg4 O-O 16. Bf3 Bd7 17. Bxb7 Rad8 18. Bf3 c5 19. Qb3 Be6 20. d5 Bd7 21. e4
Bb5 22. Bg5 c4 23. Qe3 f6 24. Bf4 Qh4 25. e5 fxe5 26. Bg5 Qg3 27. Bxd8 c3 28.
Rf2 Rxd8 29. Qxc3 h6 30. Rd1 1-0